000 00515nam a2200181Ia 4500
005 20250326143149.0
008 250326s9999 xx 000 0 und d
037 _aTextbook
040 _aFMSL
_beng
_cFMSL
041 _aeng
_2eng
084 _aX61:741 M7
_qFMSL
100 _aSen T
_9747273
245 0 _aInflation Accounting and Corporate Taxation
_cSen T
260 _aNew Delhi
_bNew Delhi, National Institute
_c1987
300 _a115p
942 _cTB
_hX61:741 M7
999 _c1298390
_d1298390